Marketing en las empresas de servicios : (Record no. 20657)
[ view plain ]
| 000 -CABECERA | |
|---|---|
| campo de control de longitud fija | 00902nam a22002537a 4500 |
| 003 - IDENTIFICADOR DEL NÚMERO DE CONTROL | |
| campo de control | OSt |
| 005 - FECHA Y HORA DE LA ÚLTIMA TRANSACCIÓN | |
| campo de control | 20260601171015.0 |
| 008 - DATOS DE LONGITUD FIJA--INFORMACIÓN GENERAL | |
| campo de control de longitud fija | 260507b1991\\\\ck\|||||\||||\00|\0\spa\d |
| 020 ## - NÚMERO INTERNACIONAL ESTÁNDAR DEL LIBRO | |
| Número Internacional Estándar del Libro | 9580424950 |
| 040 ## - FUENTE DE LA CATALOGACIÓN | |
| Centro catalogador/agencia de origen | ICI |
| Lengua de catalogación | spa |
| Centro/agencia transcriptor | ICI |
| 041 ## - CÓDIGO DE LENGUA | |
| Código de lengua del texto/banda sonora o título independiente | spa |
| 050 ## - SIGNATURA TOPOGRÁFICA DE LA BIBLIOTECA DEL CONGRESO | |
| Número de clasificación | HF5415 |
| Número de documento/Ítem | B47 |
| 100 #1 - ENTRADA PRINCIPAL--NOMBRE DE PERSONA | |
| Nombre de persona | Berry, Leonard L., |
| Fechas asociadas al nombre | 1942- |
| Término indicativo de función/relación | autor |
| 9 (RLIN) | 33784 |
| 240 #1 - TÍTULO UNIFORME | |
| Título uniforme | Marketing services |
| Lenguaje de la obra | Español |
| 245 #1 - MENCIÓN DE TÍTULO | |
| Título | Marketing en las empresas de servicios : |
| Resto del título | Compita mediante la calidad / |
| Mención de responsabilidad, etc. | Leonard l. berry, a. parasuraman ; tr. Jorge Cárdenas nannetti |
| 300 ## - DESCRIPCIÓN FÍSICA | |
| Extensión | 271 páginas. |
| 490 #0 - MENCIÓN DE SERIE | |
| Mención de serie | Desarrollo gerencial |
| 650 ## - PUNTO DE ACCESO ADICIONAL DE MATERIA--TÉRMINO DE MATERIA | |
| Término de materia o nombre geográfico como elemento de entrada | Servicios al cliente |
| 9 (RLIN) | 33785 |
| 650 ## - PUNTO DE ACCESO ADICIONAL DE MATERIA--TÉRMINO DE MATERIA | |
| Término de materia o nombre geográfico como elemento de entrada | Predicciones sociales |
| Subdivisión geográfica | Estados Unidos |
| 9 (RLIN) | 33786 |
| 700 ## - PUNTO DE ACCESO ADICIONAL--NOMBRE DE PERSONA | |
| Nombre de persona | Parasuraman, A. |
| Término indicativo de función/relación | autor |
| 9 (RLIN) | 33787 |
| 700 #1 - PUNTO DE ACCESO ADICIONAL--NOMBRE DE PERSONA | |
| Nombre de persona | Cárdenas Nannetti, Jorge, |
| Término indicativo de función/relación | traductor |
| 700 #1 - PUNTO DE ACCESO ADICIONAL--NOMBRE DE PERSONA | |
| Información de relación/Frase instructiva de referencia | Traducción de: |a Berry, Leonard L., |
| Fechas asociadas al nombre | 1942- |
| Título de la obra | Marketing services |
| 9 (RLIN) | 33789 |
| 942 ## - ELEMENTOS DE PUNTO DE ACCESO ADICIONAL (KOHA) | |
| Fuente del sistema de clasificación o colocación | Library of Congress Classification |
| Tipo de ítem Koha | Libros |
| Suprimir en OPAC | 1 |
No items available.